| 000 | 00812nam a2200253u 4500 | ||
|---|---|---|---|
| 001 | 23812 | ||
| 003 | BD-RjUL | ||
| 005 | 20211209000956.0 | ||
| 008 | 140311r19671962nyu b 001 0beng d | ||
| 035 | _a(BD-RjUL)23877 | ||
| 040 |
_aDLC _cCarP _dDLC _dBD-RjUL _beng |
||
| 041 | _aeng | ||
| 082 | 0 | 4 |
_a928.2 _bBEJ 1967 |
| 100 | 1 |
_aBeattie, Lester M. _q(Lester Middleswarth) _973331 |
|
| 245 | 1 | 0 |
_aJohn Arbuthnot : _bmathematician and satirist / _cLester M. Beattie. |
| 260 |
_aNew York : _bRussell & Russell, _cc1962 [[reissued 1967], |
||
| 300 |
_axvi, 432 p. ; _c22 cm. |
||
| 504 | _aIncludes bibliographical references and index. | ||
| 600 | 1 | 0 |
_aArbuthnot, John, _d1667-1735. _973343 |
| 830 | 0 |
_aHarvard studies in English. _973344 |
|
| 942 |
_2ddc _cBK |
||
| 999 |
_c23812 _d23812 |
||